Central Library OPAC University of Rajshahi

Conditions of peace / (Record no. 45622)

MARC details
000 -LEADER
fixed length control field 00797nam a2200253 a 4500
001 - CONTROL NUMBER
control field 45622
003 - CONTROL NUMBER IDENTIFIER
rucl marc code BD-RjUL
005 - DATE AND TIME OF LATEST TRANSACTION
control field 20211209054038.0
008 - FIXED-LENGTH DATA ELEMENTS--GENERAL INFORMATION
fixed length control field 160727s1942 enk 001 0 eng
035 ## - SYSTEM CONTROL NUMBER
System control number (BD-RjUL)45740
040 ## - CATALOGING SOURCE
Original cataloging agency DLC
Transcribing agency ArU
Modifying agency OCoLC
-- CSdC-L
-- DLC
-- BD-RjUL
Language of cataloging eng
041 ## - LANGUAGE CODE
Language code of text/sound track or separate title eng
082 ## - DEWEY DECIMAL CLASSIFICATION NUMBER
Classification number 940.531
Edition number 23
Author mark and year CAC 1944
100 1# - MAIN ENTRY--PERSONAL NAME
Personal name Carr, Edward Hallett,
Dates associated with a name 1892-1982.
9 (RLIN) 119255
245 10 - TITLE STATEMENT
Title Conditions of peace /
Statement of responsibility, etc. Edward Hallett Carr
260 ## - PUBLICATION, DISTRIBUTION, ETC. (IMPRINT)
Place of publication, distribution, etc. London :
Name of publisher, distributor, etc. Macmillan,
Date of publication, distribution, etc. c1942
300 ## - PHYSICAL DESCRIPTION
Pagination xxiv, 279 p. ;
Size 22 cm.
500 ## - GENERAL NOTE
General note Includes index.
650 #0 - SUBJECT ADDED ENTRY--TOPICAL TERM
Topical term or geographic name as entry element World politics.
9 (RLIN) 139658
Topical term or geographic name as entry element Reconstruction (1939-1951)
9 (RLIN) 139659
651 #0 - SUBJECT ADDED ENTRY--GEOGRAPHIC NAME
Geographic name Europe
General subdivision Politics and government
Chronological subdivision 1918-1945.
9 (RLIN) 128336
Geographic name Great Britain
General subdivision Foreign relations.
9 (RLIN) 139660
942 ## - ADDED ENTRY ELEMENTS (KOHA)
Source of classification or shelving scheme Dewey Decimal Classification
Koha item type Books
Holdings
Lost status Source of classification or shelving scheme Damaged status Not for loan Collection code Permanent Location Current Location Shelving location Date acquired Source of acquisition Cost, normal purchase price Total Checkouts Full call number Date last seen Copy number Koha item type
  Dewey Decimal Classification     Non-fiction Central Library, University of Rajshahi Central Library, University of Rajshahi   23/01/1956 S. d. Ma 125.60   940.531 CAC 1944 27/07/2016 C-2 Books